Paroles - Banlieue Nord - Starmania - Statistiques

Statistiques générales
  • Ce quiz a été pris 42 fois
  • Le résultat moyen est 141 sur 209
Statistiques - réponses
Answerd % Correct
à
89%
A
89%
a
89%
de
89%
Je
89%
je
89%
banlieue
86%
dans
86%
J'm'appelle
86%
La
86%
la
86%
86%
le
86%
pas
86%
Pas
86%
J'ai
84%
j'ai
84%
Johnny
84%
Ma
84%
ma
84%
84%
d'passé
81%
et
81%
foi
81%
les
81%
ni
81%
nord
81%
que
81%
Sans
81%
sans
81%
Tout
81%
tout
81%
veux
81%
feu
78%
J'suis
78%
lieu
78%
loi
78%
mon
78%
premier
78%
un
78%
Un
78%
vivre
78%
ans
76%
dormir
76%
est
76%
l'école
76%
mère
76%
métro
76%
mourir
76%
pris
76%
quinze
76%
quitté
76%
Rockfort
76%
avant
73%
choisi
73%
d'être
73%
d'partir
73%
folle
73%
J'veux
73%
j'veux
73%
mes
73%
parce
73%
passe
73%
sur
73%
zonard
73%
C'est
70%
c'est
70%
grandi
70%
père
70%
rencontré
70%
tous
70%
trop
70%
trottoirs
70%
amis
68%
buvait
68%
Café
68%
cassé
68%
d'aujourd'hui
68%
nuits
68%
68%
suis
68%
l'Underground
65%
Quand
65%
rentrer
65%
sais
65%
d'av'nir
62%
d'av'nir !
62%
jamais
62%
jour
62%
Terre
62%
bien
59%
j'me
59%
mais
59%
plus
59%
retrouvé
59%
travaillé
59%
va
59%
Y
59%
débrouillé
57%
faire
57%
qu'je
57%
qu'on
54%
monde
51%
Qu'est-ce
51%
coucher
46%
dev'nue
46%
fois
30%
Il
30%
première
30%
au
22%
qu'elle
22%
Elle
19%
entrée
19%
s'est
19%
restée
16%
arrêté
14%
bar
14%
debout
14%
ont
14%
parlé
14%
parler
14%
sont
14%
allés
11%
approché
11%
Ils
11%
levé
11%
présenté
11%
s'assoir
11%
tard
11%
très
11%
Aucun quiz correspondant
Distribution des résultats
% des personnes avec chaque résultat
Percentile par nombre de réponses
Votre historique - résultats
Vous n’avez pas pris ce quiz